|
|
|
|
| LEADER |
01565nam a2200301 a 4500 |
| 001 |
13341226 |
| 008 |
100602s2002 bg a 000 0 ben d |
| 010 |
|
|
|a \\2003305582
|
| 020 |
|
|
|a 9848820116
|
| 040 |
|
|
|a DLC
|c DLC
|d BD-DhAAL
|
| 082 |
0 |
0 |
|a 301.16/1/095492
|2 21
|
| 999 |
|
|
|c 8776
|d 8776
|
| 999 |
|
|
|c 8776
|
| 245 |
1 |
0 |
|a গনমাধ্যম ও সমাজ /
|c সম্পাদনা, কামরুল হাসান মঞ্জু , জান্নাতুল ফেরদৌস স্নিগ্ধা.
|
| 260 |
|
|
|a ঢাকা :
|b মাস-লাইন মিডিয়া ,
|c ২০০২.
|
| 300 |
|
|
|a ৬৫০ পৃ. :
|b চিত্র ;
|c ২২ সে.মি.
|
| 490 |
0 |
|
|a এম. এম. সি. সেমিনার সংকলন ;
|v ১
|
| 520 |
|
|
|a Contributed articles on social perspectives of mass media and adequacy of press coverage in Bangladesh; edited papers of various seminars.
|
| 541 |
1 |
|
|e 00020013
|
| 546 |
|
|
|a In Bengali.
|
| 650 |
|
0 |
|a Mass media
|x Social aspects
|z Bangladesh.
|9 1846
|
| 651 |
|
0 |
|a Bangladesh
|x Press coverage.
|9 1847
|
| 700 |
1 |
|
|a মঞ্জু, কামরুল হাসান.
|9 1848
|
| 700 |
1 |
|
|a স্নিগ্ধা, জান্নাতুল ফেরদৌস.
|9 1849
|
| 710 |
2 |
|
|a Mass-Line Media Center (Dhaka, Bangladesh)
|9 1850
|
| 852 |
4 |
|
|a Ayesha Abed Library
|j General Shelf
|
| 942 |
|
|
|2 ddc
|c BK
|
| 952 |
|
|
|0 0
|1 0
|2 ddc
|4 0
|6 301_160000000000000_1_095492_GAN_2002
|7 0
|9 10638
|a BRACUL
|b BRACUL
|c GEN
|d 2010-06-03
|l 1
|m 12
|o 301.161095492 GAN
|p 3010020013
|r 2022-09-06
|s 2022-06-08
|t 1
|w 2010-06-03
|y BK
|